00313nam a2200121Ia 4500008004100000082001500041100004000056245001100096260005400107300000800161630001100169730001100180100122s9999 xx 000 0 und d b16954a823 aशेळके उध्दव ज aआग bअस्मिता प्रकाशनc1971 a102 aआग aआग